Πλήρης οδηγός του Linux

Αποθηκεύτηκε σε:
Λεπτομέρειες βιβλιογραφικής εγγραφής
Άλλοι συγγραφείς: Tackett, Jack 1962-, Μαυρόπουλος, Παναγιώτης (Μεταφραστής)
Μορφή: Βιβλίο
Γλώσσα:Greek
Δημοσίευση: Αθήνα : Β. Γκιούρδας, 2000
Θέματα:
Ετικέτες: Προσθήκη ετικέτας
Δεν υπάρχουν, Καταχωρήστε ετικέτα πρώτοι!

MARC

LEADER 00000nam a2200000 i 4500
001 1/46381
008 040112s2000 gre d
020 |a 960-387-001-3 
035 |l 10071889 
040 |a GR-MY-UA  |b gre  |e aacr 
041 0 |a gre 
082 0 |a 005.4469 
245 1 0 |a Πλήρης οδηγός του Linux /  |c Jack Tackett ... [et al.] ; απόδοση Παναγιώτης Μαυρόπουλος 
260 |a Αθήνα :   |b Β. Γκιούρδας,   |c 2000 
300 |a 922 σ.  |e 3 cdrom 
630 0 0 |a Linux. 
650 0 0 |a Operating systems (Computers) 
700 1 |a Tackett, Jack  |d 1962- 
700 1 |a Μαυρόπουλος, Παναγιώτης.  |4 trl 
852 |a INST  |b RHODES  |e 20040112  |h 005.4469 ΠΛΗ  |p 005400019843  |q 005400019843  |t BK  |y 0 
852 |a INST  |b RHODES  |e 20040121  |h 005.4469 ΠΛΗ   |p 005400018680  |q 005400018680  |t BK  |y 0 
901 |a BIBL4-2004-1 
909 |a Ρ  |b 106974 
909 |a Ρ  |b 106975 
922 |a 4ΕΛΗ  |b 200310  |c ΕΠΕΑΕΚ2/ΤΜΣ  |d ΜΙΧΑΛΟΠΟΥΛΟΣ 
950 |a 124-2003-10-08 
970 |a ΚΟΥΛΑΚΙΟΤΗ  |b ΛΙΤΣΑ  |z 2004/01/21